书目信息 |
| 题名: |
水浒传
|
|
| 作者: | 施耐庵 原著 ;韩文智 改写 | |
| 分册: | ||
| 出版信息: | 济南 山东人民出版社 2020.11 |
|
| 页数: | 184页 | |
| 开本: | 24cm | |
| 丛书名: | 小学生阅读课程化丛书 | |
| 单 册: | ||
| 中图分类: | I242.43 , G624.23 | |
| 科图分类: | ||
| 主题词: | 古典小说--中国--明代--缩写 , 章回小说--中国--明代--缩写 , 长篇小说--中国--明代--缩写 , 教育--各级 | |
| 电子资源: | ||
| ISBN: | 978-7-209-13106-3 | |
| 000 | 00894nam0 2200301 450 | |
| 001 | 012001001601 | |
| 005 | 20221207142717.10 | |
| 010 | @a978-7-209-13106-3@dCNY25.00 | |
| 100 | @a20220905d2020 cemy0chiy50 ea | |
| 101 | 0 | @achi |
| 102 | @aCN@b370000 | |
| 105 | @aa z 000ay | |
| 106 | @ar | |
| 200 | 1 | @a水浒传@Ashui hu zhuan@f(明)施耐庵原著@g韩文智改写 |
| 210 | @a济南@c山东人民出版社@d2020.11 | |
| 215 | @a184页@c彩图@d24cm | |
| 225 | 1 | @a小学生阅读课程化丛书 |
| 300 | @a快乐读书吧 彩图音频版 五年级 | |
| 606 | 0 | @a古典小说@y中国@z明代@j缩写 |
| 606 | 0 | @a章回小说@y中国@z明代@j缩写 |
| 606 | 0 | @a长篇小说@y中国@z明代@j缩写 |
| 606 | 0 | @a教育@x各级 |
| 690 | @aI242.43@v5 | |
| 690 | @aG624.23@v4 | |
| 701 | 0 | @c(明)@a施耐庵@Ashi nai an@f(1296~1370)@4原著 |
| 702 | 0 | @a韩文智@Ahan wen zhi@4改写 |
| 801 | 0 | @aCN@bAHXH@c20221111 |
| 905 | @b1363518-22@dG624.23@e2618@f5 | |
| 水浒传/(明)施耐庵原著/韩文智改写.-济南:山东人民出版社,2020.11 |
| 184页:彩图;24cm.-(小学生阅读课程化丛书) |
| 快乐读书吧 彩图音频版 五年级 |
| ISBN 978-7-209-13106-3:CNY25.00 |
| ● |
| 相关链接 |
|
|
|
|
正题名:水浒传
索取号:G624.23/2618
 
预约/预借
| 序号 | 登录号 | 条形码 | 馆藏地/架位号 | 状态 | 备注 |
| 1 | 1363518 | 213635182 | 第一样本阅览室/ [索取号:G624.23/2618] | 在馆 | |
| 2 | 1363519 | 213635191 | 教育系资料室/ [索取号:G624.23/2618] | 在馆 | |
| 3 | 1363520 | 213635208 | 教育系资料室/ [索取号:G624.23/2618] | 在馆 | |
| 4 | 1363521 | 213635217 | 第四借阅区/ [索取号:G624.23/2618] | 在馆 | |
| 5 | 1363522 | 213635226 | 第四借阅区/ [索取号:G624.23/2618] | 在馆 |